000 00351nam a2200109Ia 4500
008 171211s9999 xx 000 0 und d
245 4 _aThe Good Project: Humanitarian Relief NGOs and the Fragmentation of Reason
245 _cMonika Krause
260 _c2014
650 _xPolitics and Sociology
856 _uhttp://down.ebook777.com/064/022613136X.pdf
999 _c348760
_d348760